000 00982cam a2200277 a 4500
001 000015647
005 20200929164114.0
008 940316s1994 sp b 001 0 spa
020 _a8420690473
040 _aDO-SdBNP
_cDLC
_dDLC
082 _a291.175
_bZ93p
100 1 _aZubiri, Xavier.
_d1898-1983
_97457
245 1 3 _aEl problema filosófico de la historia de las religiones /
_cXavier Zubiri.
250 _a2a reimpresión,
260 _aMadrid :
_bAlianza Editorial, Fundacion Xavier Zubiri,
_c1994.
300 _a404 p. ;
_c23 cm.
490 1 _aEstudios filosóficos
504 _aIncluye bibliografía e índice.
650 4 _aFilosofía de la religión
_94602
650 4 _aReligión
_xHistoria
_935257
800 1 _aZubiri, Xavier.
_tEstudios filosoficos.
_935258
830 0 _aEstudios filosóficos ;
_94757
856 4 2 _3Publisher description
_uhttp://www.loc.gov/catdir/enhancements/fy0837/94131984-d.html
910 _aCatalogación derivada
049 _aBNGR
999 _c15199
_d15199